| 000 | 00516nam a2200169Ia 4500 | ||
|---|---|---|---|
| 008 | 090711s9999 xx 000 0 und d | ||
| 082 | _b418 | ||
| 100 | _aकुलकर्णी मा. गो. | ||
| 245 | _aवायरमन | ||
| 260 |
_bसन पब्लिकेशन पुणे _c1996 |
||
| 300 | _a76 | ||
| 600 | _aकुलकर्णी मा. गो. | ||
| 630 | _aवायरमन | ||
| 700 | _aकुलकर्णी मा. गो. | ||
| 730 | _aवायरमन | ||
| 942 | _cBOOK | ||
| 999 |
_c323865 _d323865 |
||